000 004590000a22001810004500
003 LK-CoMWRAF
008 230817t ||||| |||| 00| 0 eng d
020 _a922112892X
040 _aLK-CoMWRAF
_dLK-CoMWRAF
_eLK-CoMWRAF
041 _aeng
082 _a330
_bWIJ
100 _aWijayatilake,Kamilini
100 _aZackariya,Faizun
245 _aSexual Harassment At Work Plantation Sector
_b
260 _aColombo
_bILO
_c2001
300 _ap.36
942 _cBK
999 _c437
_d437